Kurt Angle's WrestleMania Opponents - Statistics

General Stats
  • This quiz has been taken 162 times
  • The average score is 10 of 12
Answer Stats
WrestleMania Opponent % Correct
WrestleMania 34* Triple H
97%
WrestleMania 34* Stephanie McMahon
93%
WrestleMania XIX Brock Lesnar
92%
WrestleMania 21 Shawn Michaels
89%
WrestleMania 35 Baron Corbin
86%
WrestleMania 2000 Chris Jericho
85%
WrestleMania XX Eddie Guerrero
85%
WrestleMania 22 Rey Mysterio
85%
WrestleMania 22 Randy Orton
84%
WrestleMania 2000 Chris Benoit
82%
WrestleMania X-7 Chris Benoit
82%
WrestleMania X8 Kane
73%
No matching quizzes found
Score Distribution
Percent of People with Each Score
Percentile by Number Answered
Your Score History
You have not taken this quiz